<?xml version="1.0" encoding="UTF-8"?>
<record
    xmlns:xsi="http://www.w3.org/2001/XMLSchema-instance"
    xsi:schemaLocation="http://www.loc.gov/MARC21/slim http://www.loc.gov/standards/marcxml/schema/MARC21slim.xsd"
    xmlns="http://www.loc.gov/MARC21/slim">

  <leader>02688njm a2200433Ia 4500</leader>
  <controlfield tag="001">77396</controlfield>
  <controlfield tag="003">IT-RoPAU</controlfield>
  <controlfield tag="005">20220918181139.0</controlfield>
  <controlfield tag="008">131025s9999    xx            000 0 und d</controlfield>
  <datafield tag="040" ind1=" " ind2=" ">
    <subfield code="a">IT-RoPAU</subfield>
  </datafield>
  <datafield tag="040" ind1=" " ind2=" ">
    <subfield code="c">IT-RoPAU</subfield>
  </datafield>
  <datafield tag="041" ind1=" " ind2=" ">
    <subfield code="a">FRANCESE</subfield>
  </datafield>
  <datafield tag="999" ind1=" " ind2=" ">
    <subfield code="c">101150</subfield>
    <subfield code="d">101150</subfield>
  </datafield>
  <datafield tag="999" ind1=" " ind2=" ">
    <subfield code="b">n.d.</subfield>
  </datafield>
  <datafield tag="100" ind1=" " ind2=" ">
    <subfield code="a">AA.VV.</subfield>
    <subfield code="9">794</subfield>
  </datafield>
  <datafield tag="100" ind1=" " ind2=" ">
    <subfield code="e">Autore musica</subfield>
    <subfield code="9">25471</subfield>
  </datafield>
  <datafield tag="100" ind1=" " ind2=" ">
    <subfield code="g">Codice autore musica SPICS: 12000</subfield>
    <subfield code="9">796</subfield>
  </datafield>
  <datafield tag="245" ind1=" " ind2=" ">
    <subfield code="a">Melodie pasagere</subfield>
  </datafield>
  <datafield tag="250" ind1=" " ind2=" ">
    <subfield code="a">1a ed.</subfield>
  </datafield>
  <datafield tag="260" ind1=" " ind2=" ">
    <subfield code="a">ITALIA</subfield>
  </datafield>
  <datafield tag="260" ind1=" " ind2=" ">
    <subfield code="b">EMI ITALIANA</subfield>
    <subfield code="c">1988 [1a Ed.:1988]</subfield>
  </datafield>
  <datafield tag="300" ind1=" " ind2=" ">
    <subfield code="a">DISCO</subfield>
  </datafield>
  <datafield tag="300" ind1=" " ind2=" ">
    <subfield code="c">42 minuti (Testo: 0 pag.)</subfield>
  </datafield>
  <datafield tag="500" ind1=" " ind2=" ">
    <subfield code="a">Canzoni. Testi di tradizione ebraica. Arrangiamento su brani del 1887. Michele Fedrigotti al pianoforte </subfield>
  </datafield>
  <datafield tag="505" ind1=" " ind2=" ">
    <subfield code="a">Les Anges (2:00) - Sylvie (2:00) - Elegie (2:00) - Chanson d'amour (3:00) - Barcarolle (2:00) - Apres un reve (2:00) - Adieu (2:00) - Gnossienne n. 4 (3:00) - Air du poete (7:00) - Spieen (7:00) - Dapheneo (2:00) - Air du rat (2:00) - Chanson medievale (2:00) - Chanson (2:00) - Haddish (4:00) - Gnossienne n. 1 (4:00) - Hymne (5:00) - Pie Jesu (5:00)</subfield>
  </datafield>
  <datafield tag="650" ind1=" " ind2=" ">
    <subfield code="a">CANZONE [DISCHI]</subfield>
    <subfield code="e">Codice MATERIA SPICS: 9950</subfield>
    <subfield code="9">920</subfield>
  </datafield>
  <datafield tag="700" ind1=" " ind2=" ">
    <subfield code="a">Alice </subfield>
    <subfield code="g">Codice interprete SPICS: 10081</subfield>
    <subfield code="e">Interprete</subfield>
    <subfield code="9">25472</subfield>
  </datafield>
  <datafield tag="700" ind1=" " ind2=" ">
    <subfield code="a">Satie Erik</subfield>
    <subfield code="g">Codice autore musica SPICS:  1590</subfield>
    <subfield code="e">Autore musica</subfield>
    <subfield code="p">Les Anges - Sylvie - Elegie - Gnossienne n. 4 - Air du poete - Spieen - Dapheneo - Air du rat - Chanson medievale - Chanson - Gnossienne n. 1 - Hymne</subfield>
    <subfield code="9">25473</subfield>
  </datafield>
  <datafield tag="700" ind1=" " ind2=" ">
    <subfield code="a">Contamine De Latour J.P.</subfield>
    <subfield code="g">Codice autore testo/musica SPICS: 26728</subfield>
    <subfield code="e">Autore testo/musica</subfield>
    <subfield code="p">Les Anges - Sylvie - Elegie - Chanson medievale - Chanson</subfield>
    <subfield code="9">25474</subfield>
  </datafield>
  <datafield tag="700" ind1=" " ind2=" ">
    <subfield code="a">Faur&#xE9; Gabriel</subfield>
    <subfield code="g">Codice autore musica SPICS: 9892</subfield>
    <subfield code="e">Autore musica</subfield>
    <subfield code="p">Chanson d'amour - Barcarolle - Apres un reve - Adieu - Pie Jesu</subfield>
    <subfield code="9">25475</subfield>
  </datafield>
  <datafield tag="700" ind1=" " ind2=" ">
    <subfield code="a">Silvestre Armand</subfield>
    <subfield code="g">Codice autore testo/musica SPICS: 26729</subfield>
    <subfield code="e">Autore testo/musica</subfield>
    <subfield code="p">Chanson d'amour</subfield>
    <subfield code="9">25476</subfield>
  </datafield>
  <datafield tag="700" ind1=" " ind2=" ">
    <subfield code="a">Monnier Marc</subfield>
    <subfield code="g">Codice autore testo/musica SPICS: 26730</subfield>
    <subfield code="e">Autore testo/musica</subfield>
    <subfield code="p">Barcarolle</subfield>
    <subfield code="9">25477</subfield>
  </datafield>
  <datafield tag="700" ind1=" " ind2=" ">
    <subfield code="a">Bussine Romain</subfield>
    <subfield code="g">Codice autore testo/musica SPICS: 26731</subfield>
    <subfield code="e">Autore testo/musica</subfield>
    <subfield code="p">Apres un reve</subfield>
    <subfield code="9">25478</subfield>
  </datafield>
  <datafield tag="700" ind1=" " ind2=" ">
    <subfield code="a">Grandmougin Charles</subfield>
    <subfield code="g">Codice autore testo/musica SPICS: 26732</subfield>
    <subfield code="e">Autore testo/musica</subfield>
    <subfield code="p">Adieu</subfield>
    <subfield code="9">25479</subfield>
  </datafield>
  <datafield tag="700" ind1=" " ind2=" ">
    <subfield code="a">Fargue Leon-Paul</subfield>
    <subfield code="g">Codice autore testo/musica SPICS: 26733</subfield>
    <subfield code="e">Autore testo/musica</subfield>
    <subfield code="p">Air du poete - Spieen - Air du rat</subfield>
    <subfield code="9">25480</subfield>
  </datafield>
  <datafield tag="700" ind1=" " ind2=" ">
    <subfield code="a">God M.</subfield>
    <subfield code="g">Codice autore testo/musica SPICS: 26734</subfield>
    <subfield code="e">Autore testo/musica</subfield>
    <subfield code="p">Dapheneo</subfield>
    <subfield code="9">25481</subfield>
  </datafield>
  <datafield tag="700" ind1=" " ind2=" ">
    <subfield code="a">Ravel Maurice</subfield>
    <subfield code="g">Codice autore musica SPICS:  2180</subfield>
    <subfield code="e">Autore musica</subfield>
    <subfield code="p">Haddish</subfield>
    <subfield code="9">25482</subfield>
  </datafield>
  <datafield tag="700" ind1=" " ind2=" ">
    <subfield code="a">Anonimo</subfield>
    <subfield code="g">Codice autore testo/musica SPICS: 2620</subfield>
    <subfield code="e">Autore testo/musica</subfield>
    <subfield code="p">Haddish</subfield>
    <subfield code="9">25483</subfield>
  </datafield>
  <datafield tag="942" ind1=" " ind2=" ">
    <subfield code="c">MD</subfield>
    <subfield code="2">ddc</subfield>
  </datafield>
  <datafield tag="952" ind1=" " ind2=" ">
    <subfield code="0">0</subfield>
    <subfield code="1">0</subfield>
    <subfield code="4">0</subfield>
    <subfield code="6">77396_000000000000000</subfield>
    <subfield code="7">1</subfield>
    <subfield code="a">SPICS</subfield>
    <subfield code="b">SPICS</subfield>
    <subfield code="d">2013-10-25</subfield>
    <subfield code="l">0</subfield>
    <subfield code="o">77396</subfield>
    <subfield code="r">2013-10-25 00:00:00</subfield>
    <subfield code="w">2013-10-25</subfield>
    <subfield code="y">MD</subfield>
    <subfield code="z">Progr. Ins.: 18467 / N.Vol.: 1 / Copie: 1 - Copia rara: n.d. / date import: 01.01.2014 - By Epidotti, Trombetti, Vaglietti</subfield>
  </datafield>
</record>
